Teológia és formális logika
Elmentve itt :
| Szerző: | |
|---|---|
| Adatforrás: | Philobibl |
| Forrásdokumentuma: | Világosság 5 1964/7-8., 480-483. p. |
| Dokumentumtípus: | Cikk |
| Nyelv: | magyar |
| LEADER | 00290nab a2200097 c 4500 | ||
|---|---|---|---|
| 001 | bibDOK00008696 | ||
| 005 | 20200924120429.2 | ||
| 008 | 060518s1964 xx hun | ||
| 100 | 1 | |a Hársing László | |
| 245 | 1 | 0 | |a Teológia és formális logika |c Hársing László |
| 773 | 0 | |t Világosság 5 |g 1964/7-8., 480-483. p. | |